000 01288nam a2200337 c 4500
003 BLK
005 20250722145613.0
008 180408b bul|||||r ||||||| ||bul||
010 _aKNG00087865000
020 _a978-954-769-195-7
_bиздат.: Обсидиан
040 _aBLK
041 _aBUL
_cBUL
080 _aАмериканска литература (на САЩ)
_b821.111(73)
_x-312.4
_z821.111(73)-312.4
100 1 _aБалдачи, Дейвид
_eпърви автор
_935928
700 1 _aЛаптев, Веселин
_eпрев. от англ.
_9364791
139 _aБалдачи, Дейвид
_bБ 21
245 1 0 _aСобствено правосъдие
_bРоман
_cДейвид Балдачи; прев. от англ. Веселин Лаптев.
257 _aUSA
260 София
_bОбсидиан
_c2009
_fВ. Търново : Абагар
300 _a416 с.
_c20 см
380 _aX
500 _aОриг. загл. Divine Justice / David Baldacci. - Офс. изд.
653 _aтрилъри
653 _aромани
852 _aЦб 242872
856 4 _qpdf
_u
856 4 _qpdf
_u
942 _cKNG
_n0
_0162
944 _aCR
_c17.02.2009
_lЦветомила Тодорова
_k30576
944 _aED
_c10.12.2013
_lф /
_k
999 _c83318
_d83318